What she wants / (Record no. 233024)
[ view plain ]
| 000 -LEADER | |
|---|---|
| fixed length control field | 00911pam a2200289 a 4500 |
| 001 - CONTROL NUMBER | |
| control field | 13668062 |
| 003 - CONTROL NUMBER IDENTIFIER | |
| control field | Nust |
| 005 - DATE AND TIME OF LATEST TRANSACTION | |
| control field | 20170228095004.0 |
| 008 - FIXED-LENGTH DATA ELEMENTS--GENERAL INFORMATION | |
| fixed length control field | 011203s2001 enk 000 1 eng d |
| 010 ## - LIBRARY OF CONGRESS CONTROL NUMBER | |
| LC control number | 2004444293 |
| 015 ## - NATIONAL BIBLIOGRAPHY NUMBER | |
| National bibliography number | GBA1-71491 |
| 020 ## - INTERNATIONAL STANDARD BOOK NUMBER | |
| International Standard Book Number | 9780007273935 |
| 035 ## - SYSTEM CONTROL NUMBER | |
| System control number | (OCoLC)ocm48533446 |
| 040 ## - CATALOGING SOURCE | |
| Original cataloging agency | UKM |
| Transcribing agency | UKM |
| Modifying agency | DLC |
| 042 ## - AUTHENTICATION CODE | |
| Authentication code | lccopycat |
| 050 00 - LIBRARY OF CONGRESS CALL NUMBER | |
| Classification number | PR6061.E484 |
| Item number | W48 2001 |
| 082 04 - DEWEY DECIMAL CLASSIFICATION NUMBER | |
| Classification number | 823.914 |
| Author Mark | KEL |
| 100 1# - MAIN ENTRY--PERSONAL NAME | |
| Personal name | Kelly, Cathy. |
| 245 10 - TITLE STATEMENT | |
| Title | What she wants / |
| Statement of responsibility, etc. | Cathy Kelly. |
| 260 ## - PUBLICATION, DISTRIBUTION, ETC. | |
| Place of publication, distribution, etc. | London : |
| Name of publisher, distributor, etc. | HarperCollins, |
| Date of publication, distribution, etc. | 2001. |
| 300 ## - PHYSICAL DESCRIPTION | |
| Extent | ix, 656 p. ; |
| Dimensions | 24 cm. |
| 650 #0 - SUBJECT ADDED ENTRY--TOPICAL TERM | |
| Topical term or geographic name entry element | Women |
| Form subdivision | Fiction. |
| 655 #0 - INDEX TERM--GENRE/FORM | |
| Genre/form data or focus term | Psychological fiction. |
| 655 #0 - INDEX TERM--GENRE/FORM | |
| Genre/form data or focus term | Domestic fiction. |
| 906 ## - LOCAL DATA ELEMENT F, LDF (RLIN) | |
| a | 7 |
| b | cbc |
| c | copycat |
| d | 2 |
| e | ncip |
| f | 20 |
| g | y-gencatlg |
| 942 ## - ADDED ENTRY ELEMENTS (KOHA) | |
| Source of classification or shelving scheme | |
| Koha item type | Book |
| Withdrawn status | Lost status | Source of classification or shelving scheme | Damaged status | Not for loan | Collection code | Permanent Location | Current Location | Shelving location | Date acquired | Total Checkouts | Full call number | Barcode | Date last seen | Date last checked out | Copy number | Price effective from | Koha item type |
|---|---|---|---|---|---|---|---|---|---|---|---|---|---|---|---|---|---|
| Central Library (CL) | Central Library (CL) | Fiction | 02/28/2017 | 2 | 823.914 KEL | CL2157 | 01/18/2022 | 01/18/2022 | 1 | 02/28/2017 | Book |
